Países más cercanos a Yemen - Estadísticas

Estadísticas generales
  • Esta prueba ha sido intentada 76 veces
  • La puntuación promedio es 17 de 20
Estadísticas de respuestas
km país % Correcto
0 Arabia Saudita
100%
442 Emiratos Árabes Unidos
99%
0 Omán
99%
1212 Irak
97%
858 Irán
97%
839 Egipto
96%
615 Catar
91%
29 Eritrea
90%
109 Etiopía
88%
133 Somalia
87%
20 Yibuti
86%
771 Baréin
83%
985 Kenia
83%
1493 Jordania
81%
1206 Pakistán
80%
480 Sudán
80%
1106 Kuwait
78%
1070 Sudán del Sur
78%
1504 Afganistán
71%
1397 Uganda
58%
No se encontraron pruebas coincidentes
Distribución de puntuación
Porcentaje de gente con cada puntuación
Porcentaje por número respondido
Historial de tus puntuaciones
No has intentado esta prueba.